[Event "Ubuntu vs. Xubuntu"]
[Site "http://www.queenalice.com/game.php?id=476697"]
[Date "2008.10.13"]
[Round "-"]
[White "dannyx"]
[Black "axedre"]
[Result "1-0"]
[WhiteElo "1100"]
[BlackElo "1932"]

1. f4 d5 2. b3 Nc6 3. Nf3 Bg4 4. d4 Nf6 5. Nc3 Ne4 6. h3 Nxc3 7. Qd3 e6 8. hxg4
Bb4 9. a3 Ne4+ 10. axb4 Nxb4 11. Qd1 Ng3 12. Rh5 Nxh5 13. Ra4 Nc6 14. Ng5 Nf6
15. Ba3 Nxg4 16. g3 a6 17. Qd3 b5 18. Rb4 Nxb4 19. Bxb4 Nf6 20. Bh3 h6 21. Nf3
Ne4 22. Qe3 f5 23. c4 bxc4 24. bxc4 Rb8 25. Qa3 dxc4 26. Kd1 Nf2+ 27. Kc1 Nxh3
28. Bc5 g5 29. Qxa6 Qd7 30. Ne5 Qc8 31. Qc6+ 1-0

[Event "Challenge"]
[Site "http://www.queenalice.com/game.php?id=476937"]
[Date "2008.10.13"]
[Round "-"]
[White "Rosberg"]
[Black "dannyx"]
[Result "1-0"]
[WhiteElo "2041"]
[BlackElo "1100"]

1. d4 d5 2. c4 dxc4 3. e4 e6 4. Bxc4 Nf6 5. Qd3 Nc6 6. Nf3 h5 7. O-O Qe7 8. a3
a5 9. Bg5 Qd6 10. e5 Qe7 11. Re1 g6 12. Bxf6 Qd7 13. Bxh8 Bh6 14. d5 Ne7 15. d6
cxd6 16. exd6 Nc6 17. Bxe6 Qxe6 18. Rxe6+ fxe6 19. Ne5 Nxe5 20. Bxe5 a4 21. d7+
Bxd7 22. Qxg6+ Kf8 23. Bd6# 1-0

[Event "Challenge"]
[Site "http://www.queenalice.com/game.php?id=485030"]
[Date "2008.10.29"]
[Round "-"]
[White "Attia"]
[Black "dannyx"]
[Result "1-0"]
[WhiteElo "1064"]
[BlackElo "1100"]

1. e3 d5 2. d4 e6 3. Nf3 f5 4. Bd3 c6 5. O-O g5 6. Ne5 Nf6 7. Nd2 Rg8 8. c4 g4
9. c5 Nbd7 10. Nxd7 Qxd7 11. b4 Qg7 12. b5 h5 13. bxc6 bxc6 14. Qa4 Bb7 15. Rb1
Rb8 16. Ba6 h4 17. Ba3 g3 18. h3 Be7 19. Bxb7 Rxb7 20. Rxb7 Kf7 21. Qxc6 Ne8 22.
Nf3 Nd6 23. Ne5+ Kf6 24. Rxa7 Ne4 25. f3 Nc3 26. e4 fxe4 27. fxe4+ Kg5 28. Bc1+
Kh5 29. Qxe6 Ne2+ 30. Kh1 Nxc1 31. Rf5+ Bg5 32. Rxg7 Rxg7 33. exd5 Rg6 34. Qxg6#
1-0

[Event "AUTO-BEG-262"]
[Site "http://www.queenalice.com/game.php?id=486913"]
[Date "2008.11.2"]
[Round "1"]
[White "dannyx"]
[Black "danilokiel"]
[Result "0-1"]
[WhiteElo "978"]
[BlackElo "1212"]

1. e4 e5 2. c4 f6 3. d3 Nc6 4. g4 Nd4 5. a4 Bb4+ 6. Bd2 a5 7. Nc3 Nh6 8. Nh3 O-O
9. f4 exf4 10. Bxf4 g5 11. Bg3 d6 12. Qd2 Nf3+ 13. Kd1 Nxd2 14. Kxd2 Nxg4 15.
Be2 c5 16. Kd1 h5 17. Bf2 f5 18. Bg3 h4 19. Bxd6 Qxd6 20. exf5 Bxf5 21. Nxg5
Nf2+ 22. Kd2 Nxh1 23. Rxh1 Rfd8 24. Rf1 Bxd3 25. Bxd3 Qxd3+ 0-1

[Event "AUTO-BEG-262"]
[Site "http://www.queenalice.com/game.php?id=486914"]
[Date "2008.11.2"]
[Round "1"]
[White "danilokiel"]
[Black "dannyx"]
[Result "1-0"]
[WhiteElo "1204"]
[BlackElo "1013"]

1. e4 e5 2. d4 Nc6 3. dxe5 Nxe5 4. f4 Nc6 5. e5 f5 6. Nc3 d6 7. exd6 cxd6 8. a4
g6 9. b3 Na5 10. Bb5+ Nc6 11. Qf3 Bh6 12. Bxc6+ Bd7 13. Bxd7+ Qxd7 14. Nd5 Rc8
15. Be3 Bg7 16. Bd4 Bxd4 17. Rd1 Qe6+ 18. Ne2 Bb6 19. Nc3 Rc7 20. Nb5 Rc5 21.
Qxb7 Rxc2 22. Rd2 Ba5 23. Nd4 Qe3 24. Qb5+ Kd8 25. Qxa5+ Ke8 26. Rxc2 1-0

[Event "AUTO-BEG-262"]
[Site "http://www.queenalice.com/game.php?id=486917"]
[Date "2008.11.2"]
[Round "1"]
[White "dannyx"]
[Black "GMLuizFernandes"]
[Result "0-1"]
[WhiteElo "954"]
[BlackElo "1471"]

1. d4 Nf6 2. e4 Nxe4 3. f3 Nf6 4. c4 g6 5. Bf4 Bg7 6. Nc3 d5 7. g3 e6 8. Qb3 c6
9. O-O-O O-O 10. h4 Nh5 11. Bg5 f6 12. Be3 Nxg3 13. Rh3 Nxf1 14. Rxf1 e5 15.
dxe5 Bxh3 16. Nxh3 fxe5 17. Ng5 Qd7 18. Qb4 d4 19. Bg1 dxc3 20. bxc3 Qd3 21. f4
Qxf1+ 22. Kb2 Na6 23. Qe7 Qe2+ 24. Kb3 Qd1+ 25. Kb2 Qe2+ 26. Kc1 Qf1+ 0-1

[Event "AUTO-BEG-262"]
[Site "http://www.queenalice.com/game.php?id=486918"]
[Date "2008.11.2"]
[Round "1"]
[White "GMLuizFernandes"]
[Black "dannyx"]
[Result "1-0"]
[WhiteElo "1471"]
[BlackElo "954"]

1. e4 e5 2. Nf3 d6 3. d4 Nf6 4. dxe5 dxe5 5. Qxd8+ Kxd8 6. Nxe5 Be6 7. Nc3 Nc6
8. Nxc6+ bxc6 9. Bg5 h6 10. Bxf6+ gxf6 11. O-O-O+ Kc8 12. Ne2 Rg8 13. Nd4 Bg4
14. Ba6+ Kd8 15. f3 Bd7 16. Nxc6+ Ke8 17. Bb5 a6 18. Ba4 Bc5 19. Rhe1 a5 20. e5
Ra6 21. exf6+ Kf8 22. Rxd7 Ra8 23. Rd8+ Rxd8 24. Nxd8 Rg6 25. Re8# 1-0

[Event "Challenge"]
[Site "http://www.queenalice.com/game.php?id=487277"]
[Date "2008.11.3"]
[Round "-"]
[White "valina"]
[Black "dannyx"]
[Result "0-1"]
[WhiteElo "1393"]
[BlackElo "1082"]

1. b4 d5 2. Nc3 f5 3. Nxd5 e5 4. Ba3 Nf6 5. Nxf6+ Qxf6 6. h4 Nc6 7. h5 Bd6 8. c4
g5 9. e3 e4 10. c5 Be5 11. d4 Nxd4 12. exd4 Bf4 13. Nh3 Rg8 14. h6 b5 15. Bxb5+
Kf8 16. Qb3 Be6 17. Bc4 Re8 18. g3 Qxd4 19. gxf4 Qxa1+ 20. Ke2 Qd4 21. Nxg5
Bxc4+ 22. Qxc4 Qxc4+ 23. Ke1 Rd8 24. Nxh7+ Ke8 25. Rh5 Qd3 26. Rxf5 Qd1# 0-1

[Event "Challenge"]
[Site "http://www.queenalice.com/game.php?id=487918"]
[Date "2008.11.4"]
[Round "-"]
[White "I_BOSS_BO"]
[Black "dannyx"]
[Result "0-1"]
[WhiteElo "1063"]
[BlackElo "954"]

1. e4 c5 2. b3 g6 3. Bb2 f6 4. Bc4 e5 5. h4 d6 6. Rh3 Bxh3 7. gxh3 Nc6 8. Nc3 f5
9. Qf3 Na5 10. h5 Nf6 11. exf5 Nxc4 12. bxc4 Bh6 13. hxg6 Bf4 14. h4 a5 15. a4
b6 0-1

[Event "Challenge"]
[Site "http://www.queenalice.com/game.php?id=506589"]
[Date "2008.12.12"]
[Round "-"]
[White "claudiocaire"]
[Black "dannyx"]
[Result "0-1"]
[WhiteElo "1613"]
[BlackElo "1133"]

1. e4 g5 2. e5 d5 3. b3 Bg7 4. Bb2 b6 5. Qf3 Bb7 6. e6 fxe6 7. Bxg7 g4 8. Qxg4
Nf6 9. Qxe6 Rg8 10. Bxf6 Rg6 11. Bxe7 Rxe6+ 12. Be2 Qxe7 13. Na3 Ba6 14. c4 Qxa3
15. cxd5 Re5 16. Nf3 Re7 17. Nd4 Qb2 18. O-O Qxd4 19. Bf3 Bxf1 20. Rxf1 Kd8 21.
d6 Qxd6 22. Bxa8 c6 23. g3 h5 24. f4 Rh7 25. f5 h4 26. g4 h3 27. g5 Rh5 28. f6
Qd4+ 29. Kh1 Rxg5 30. Bxc6 Nxc6 31. f7 Qe4+ 32. Rf3 Qxf3# 0-1

[Event "Challenge"]
[Site "http://www.queenalice.com/game.php?id=517267"]
[Date "2009.1.5"]
[Round "-"]
[White "valina"]
[Black "dannyx"]
[Result "0-1"]
[WhiteElo "1062"]
[BlackElo "1171"]

1. f4 d5 2. Nf3 c5 3. Nc3 e6 4. e3 c4 5. b4 Na6 6. a3 Nf6 7. h4 b6 8. d4 g6 9.
g3 Bb7 10. Nb5 Bc6 11. a4 Ng4 12. Qd2 Bxb4 13. c3 Ba5 14. Ne5 Nxe5 15. fxe5 f5
16. Nd6+ Kf8 17. Bg2 h5 18. Bf3 Rb8 19. Rg1 b5 20. Rg2 Rh7 21. Ra2 bxa4 22. g4
Rb3 23. Qc2 Bxc3+ 24. Bd2 Qxh4+ 25. Rf2 Nb4 26. Qc1 Nxa2 27. Qc2 hxg4 28. Qxa2
gxf3 29. Bxc3 a3 30. Kd1 Rxc3 31. Rxf3 Ba4+ 32. Kd2 Rb3 33. Rf4 Qh1 34. Rf2 Rh3
35. Re2 Qf3 36. Nb7 Rb2+ 37. Ke1 Rh1# 0-1

[Event "AUTO-BEG-290"]
[Site "http://www.queenalice.com/game.php?id=537742"]
[Date "2009.2.9"]
[Round "1"]
[White "dannyx"]
[Black "susu"]
[Result "0-1"]
[WhiteElo "1181"]
[BlackElo "1361"]

1. d4 d5 2. f4 g6 3. g3 Nf6 4. Nc3 Bg4 5. h3 Bf5 6. b3 e6 7. Nf3 Ne4 8. Nxe4
Bxe4 9. h4 Nc6 10. a4 Qf6 11. g4 Bd6 12. e3 a6 13. Ne5 Nb4 0-1

[Event "AUTO-BEG-290"]
[Site "http://www.queenalice.com/game.php?id=537743"]
[Date "2009.2.9"]
[Round "1"]
[White "susu"]
[Black "dannyx"]
[Result "1-0"]
[WhiteElo "1351"]
[BlackElo "1193"]

1. e4 e5 2. Nf3 Nc6 3. Bb5 a6 4. Ba4 Nf6 5. O-O b5 6. Bb3 g6 7. d3 Nd4 8. Nxd4
c5 9. Nf3 Bb7 10. c3 h5 11. Re1 Rc8 12. Nxe5 Bd6 13. Nxf7 Qc7 14. Nxh8 1-0

[Event "Invitation"]
[Site "http://www.queenalice.com/game.php?id=859593"]
[Date "2010.11.16"]
[Round "-"]
[White "axedre"]
[Black "dannyx"]
[Result "1-0"]
[WhiteElo "1923"]
[BlackElo "1184"]

1. e4 e5 2. Nf3 d6 3. Nc3 c5 4. Bc4 g6 5. d3 Nc6 6. Ng5 Na5 7. Bxf7+ Ke7 8. Nd5+
Kd7 9. Ne6 Qh4 10. Bg5 Qh5 11. Qxh5 gxh5 12. Nxf8+ Kc6 13. Be8+ Bd7 14. Bxd7#
1-0

[Event "Adesso a me i Neri..."]
[Site "http://www.queenalice.com/game.php?id=866119"]
[Date "2010.12.1"]
[Round "-"]
[White "dannyx"]
[Black "axedre"]
[Result "0-1"]
[WhiteElo "1184"]
[BlackElo "1945"]

1. d4 d5 2. g3 Nf6 3. b3 Nbd7 4. Nf3 c5 5. e3 Qc7 6. Nc3 cxd4 7. Qxd4 e5 8. Qd2
Bb4 9. Bb2 O-O 10. a3 Bxc3 11. Qxc3 Qxc3+ 12. Bxc3 Re8 13. O-O-O b6 14. Bh3 Bb7
15. g4 d4 16. exd4 Bxf3 17. Rhg1 Bxd1 18. Rxd1 Ne4 19. Be1 exd4 20. f3 Nc3 21.
Rxd4 Ne2+ 22. Kb2 Nxd4 23. g5 Rxe1 24. Bxd7 Re2 25. h4 Rxc2+ 26. Kb1 Rd8 27. Bf5
Rf2 28. Be4 Re8 29. h5 Nxf3 30. Bc2 Re1+ 31. Bd1 Rxd1# 0-1